Statistics for Minecraft Sand Blocks

Click here to take the quiz!

General Stats

  • This quiz has been taken 10 times
  • The average score is 15 of 24

Answer Stats

TypeBlocks% Correct
RedRed Sand
100%
YellowSand
100%
YellowSandstone
100%
RedRed Sandstone
89%
RedRed Sandstone Slab
67%
RedRed Sandstone Stair
67%
YellowSandstone Slab
67%
YellowSandstone Stair
67%
RedSmooth Red Sandstone
67%
RedSmooth Red Sandstone Slab
67%
RedSmooth Red Sandstone Stair
67%
YellowSmooth Sandstone
67%
YellowSmooth Sandstone Slab
67%
YellowSmooth Sandstone Stair
67%
RedChiseled Red Sandstone
56%
YellowChiseled Sandstone
56%
RedCut Red Sandstone
56%
YellowCut Sandstone
56%
RedRed Sandstone Wall
56%
YellowSandstone Wall
56%
RedCut Red Sandstone Slab
44%
YellowCut Sandstone Slab
44%
YellowSuspicious Sand
33%
BrownSoul Sand
22%

Score Distribution

Percentile by Number Answered

Percent of People with Each Score

Your Score History

You have not taken this quiz